000 00223nam a2200121Ia 4500
100 _a#N/A
942 _cBK
654 _aSAMSUNG
245 _aSAMSUNG PLEOMAX CDR 52 X
260 _b#N/A
546 _aENGLISH
999 _c28960
_d28960